<?xml version="1.0" encoding="UTF-8"?>
<record
    xmlns:xsi="http://www.w3.org/2001/XMLSchema-instance"
    xsi:schemaLocation="http://www.loc.gov/MARC21/slim http://www.loc.gov/standards/marcxml/schema/MARC21slim.xsd"
    xmlns="http://www.loc.gov/MARC21/slim">

  <leader>01239nac a22002531u 4500</leader>
  <controlfield tag="008">100721t        sy||||| |||  00| 0ara d </controlfield>
  <datafield tag="082" ind1=" " ind2=" ">
    <subfield code="a">612.65</subfield>
    <subfield code="b">&#x627; &#x644; &#x643;</subfield>
  </datafield>
  <datafield tag="100" ind1=" " ind2=" ">
    <subfield code="a">&#x627;&#x644;&#x643;&#x627;&#x64A;&#x646;&#x62F;&#x60C; &#x62F;&#x64A;&#x641;&#x64A;&#x62F;</subfield>
    <subfield code="9">16567</subfield>
  </datafield>
  <datafield tag="245" ind1=" " ind2=" ">
    <subfield code="a">&#x646;&#x645;&#x648; &#x627;&#x644;&#x637;&#x641;&#x644;&#x60C; &#x62C;2 :</subfield>
    <subfield code="b">&#x645;&#x646; &#x627;&#x644;&#x637;&#x641;&#x648;&#x644;&#x629; &#x627;&#x644;&#x645;&#x62A;&#x648;&#x633;&#x637;&#x629; &#x627;&#x644;&#x649; &#x646;&#x647;&#x627;&#x64A;&#x629; &#x627;&#x644;&#x645;&#x631;&#x627;&#x647;&#x642;&#x629;/</subfield>
    <subfield code="c">&#x62F;&#x64A;&#x641;&#x64A;&#x62F; &#x627;&#x644;&#x643;&#x627;&#x64A;&#x646;&#x62F;&#x60C; &#x627;&#x64A;&#x631;&#x641;&#x64A;&#x646;&#x63A; &#x628; &#x648;&#x627;&#x64A;&#x646;&#x631;&#x61B; &#x62A;&#x631;&#x62C;&#x645;&#x629; &#x646;&#x627;&#x638;&#x645; &#x627;&#x644;&#x637;&#x62D;&#x627;&#x646;</subfield>
  </datafield>
  <datafield tag="246" ind1=" " ind2=" ">
    <subfield code="a">Development of the Child</subfield>
  </datafield>
  <datafield tag="260" ind1=" " ind2=" ">
    <subfield code="a">&#x62F;&#x645;&#x634;&#x642;:</subfield>
    <subfield code="b">&#x648;&#x632;&#x627;&#x631;&#x629; &#x627;&#x644;&#x62B;&#x642;&#x627;&#x641;&#x629;&#x60C; 1996</subfield>
    <subfield code="c">1996</subfield>
  </datafield>
  <datafield tag="300" ind1=" " ind2=" ">
    <subfield code="a">517 &#x635; &#x61B;</subfield>
    <subfield code="c">24 &#x633;&#x645;</subfield>
  </datafield>
  <datafield tag="490" ind1=" " ind2=" ">
    <subfield code="9">16568</subfield>
    <subfield code="a">&#x61B; &#x627;&#x644;&#x62F;&#x631;&#x627;&#x633;&#x627;&#x62A; &#x627;&#x644;&#x646;&#x641;&#x633;&#x64A;&#x629;</subfield>
    <subfield code="n">35</subfield>
  </datafield>
  <datafield tag="504" ind1=" " ind2=" ">
    <subfield code="a">&#x64A;&#x634;&#x62A;&#x645;&#x644; &#x639;&#x644;&#x649; &#x625;&#x631;&#x62C;&#x627;&#x639;&#x627;&#x62A; &#x628;&#x628;&#x644;&#x64A;&#x648;&#x62C;&#x631;&#x627;&#x641;&#x64A;&#x629;</subfield>
  </datafield>
  <datafield tag="511" ind1=" " ind2=" ">
    <subfield code="a">Catalogued by: Sara</subfield>
  </datafield>
  <datafield tag="541" ind1=" " ind2=" ">
    <subfield code="a">&#x623;&#x644;&#x641; &#x628;&#x627;&#x621; &#x61B;</subfield>
  </datafield>
  <datafield tag="650" ind1=" " ind2=" ">
    <subfield code="a">&#x627;&#x644;&#x623;&#x637;&#x641;&#x627;&#x644; </subfield>
    <subfield code="9">15475</subfield>
    <subfield code="x">&#x646;&#x645;&#x648;</subfield>
  </datafield>
  <datafield tag="650" ind1=" " ind2=" ">
    <subfield code="a">&#x627;&#x644;&#x623;&#x637;&#x641;&#x627;&#x644;</subfield>
    <subfield code="9">22403</subfield>
    <subfield code="x">&#x639;&#x644;&#x645; &#x646;&#x641;&#x633;</subfield>
  </datafield>
  <datafield tag="650" ind1=" " ind2=" ">
    <subfield code="a">&#x627;&#x644;&#x645;&#x631;&#x627;&#x647;&#x642;&#x629;</subfield>
    <subfield code="9">22404</subfield>
  </datafield>
  <datafield tag="700" ind1=" " ind2=" ">
    <subfield code="a">&#x648;&#x627;&#x64A;&#x646;&#x631;&#x60C; &#x627;&#x64A;&#x631;&#x641;&#x64A;&#x646;&#x63A; &#x628;</subfield>
    <subfield code="9">16576</subfield>
  </datafield>
  <datafield tag="700" ind1=" " ind2=" ">
    <subfield code="a">&#x627;&#x644;&#x637;&#x62D;&#x627;&#x646;&#x60C; &#x646;&#x627;&#x638;&#x645;</subfield>
    <subfield code="9">16575</subfield>
    <subfield code="e">&#x645;&#x62A;&#x631;&#x62C;&#x645;</subfield>
  </datafield>
  <datafield tag="942" ind1=" " ind2=" ">
    <subfield code="c">BB</subfield>
    <subfield code="k">612.65 &#x627; &#x644; &#x643;</subfield>
    <subfield code="2">ddc</subfield>
  </datafield>
  <datafield tag="999" ind1=" " ind2=" ">
    <subfield code="c">6368</subfield>
    <subfield code="d">6368</subfield>
  </datafield>
  <datafield tag="952" ind1=" " ind2=" ">
    <subfield code="0">0</subfield>
    <subfield code="1">0</subfield>
    <subfield code="2">ddc</subfield>
    <subfield code="4">0</subfield>
    <subfield code="7">0</subfield>
    <subfield code="8"> </subfield>
    <subfield code="a">MAIN</subfield>
    <subfield code="b">MAIN</subfield>
    <subfield code="c">1ST</subfield>
    <subfield code="d">2010-07-21</subfield>
    <subfield code="e">purchase</subfield>
    <subfield code="o">612.65 &#x627; &#x644; &#x643;</subfield>
    <subfield code="p">000007918</subfield>
    <subfield code="r">2025-07-15 00:00:00</subfield>
    <subfield code="s">2011-05-09</subfield>
    <subfield code="y">BB</subfield>
    <subfield code="z">&#x62C;2</subfield>
  </datafield>
</record>
